00690nab a2200205 uc450000100070000000500170000700800410002403500110006503500210007604000130009704100080011010000560011824500520017465000440022670000400027070000440031077301030035494200100045799900170046714470320240201125756.0971111e19960901 spa  a144703 a(OCoLC)819757115 ccomduadb aspa10aQuiles la Torre, Francisco Javier4auteaut950695410aSistemas de almacenamiento masivo. Bus SCSI (I) aSistema de almacenamiento masivo92012110aRequena Perez, A.4auteaut927258710aRoldan Sanchez, M. I.4auteaut92725860 tMundo Electrónico (Barcelona)gNúmero 269, Septiembre 1996, p. 55-61w107541x0300-3787089805 cARIMP c72997d72997